• 首页
  • 本馆介绍
  • 公告通知
  • 最新文献
  • 馆藏检索
  • 电子资源
  • 读者导购
  • 参考咨询
  • 我的图书馆
  • 登录
  • 详细信息显示
  • 放入我的书架
  • 预约/预借图书
  • 作者相关作品
  • 分类相关作品
  • 丛书相关作品
  • 出版社相关作品

书目信息

  • 表格格式
  • 工作单格式
  • 卡片格式
题名:
层序社会中的师者
    
 
作者: 张伟 著
分册:  
出版信息: 北京   社会科学文献出版社  2016
页数: 255页
开本: 24cm
丛书名: 中国社会科学博士后文库
单 册:
中图分类: G451.4
科图分类:
主题词: 教师--jiao shi--社会地位--研究
电子资源:
ISBN: 978-7-5201-0067-0
000 01667nam0 22002891 450
001 387781
005 20170502165540.0
010    @a978-7-5201-0067-0@dCNY69.00
100    @a20170119d2016 kemy0chiy50 ea
101 0  @achi@ceng
102    @aCN@b110000
105    @ay v 001yy
106    @ar
200 1  @a层序社会中的师者@9ceng xu she hui zhong de shi zhe@dTeachers in the sequence society@e传统教师社会身份研究@estudy on the social identity of traditional teachers@f张伟著@zeng
210    @a北京@c社会科学文献出版社@d2016
215    @a255页@d24cm
225 2  @a中国社会科学博士后文库@9zhong guo she hui ke xue bo shi hou wen ku
300    @a中国社会科学院创新工程学术出版资助项目 全国博士后管理委员会资助项目
330    @a本书的主体内容分为三部分:第一部分包括“绪论”“层序社会及其文化性格”与“师者刍议”三个章节,详细介绍了“层序社会”与“师者”两个中心概念;第二部分包括“庙堂与师道”“举业与教席”与“乡土和先生”,分别选取了“思想与权力”“仕途与谋生”与“生活与感情”三个维度来对传统教师群体的现实生活和精神追求进行了梳理和介绍;第三部分主要包括“社会转型与阶层失语”一章,将会从社会变迁的角度就师者群体的消亡以及现代教师的兴起等问题进行分析和考察,在厘定传统教师与现代教师的区别的基础上,为社会摆脱当下的教育困境提出一些值得参考的建议。
461  0 @12001 @a中国社会科学博士后文库
510 1  @aTeachers in the sequence society@estudy on the social identity of traditional teachers@zeng
517 1  @a传统教师社会身份研究@9chuan tong jiao shi she hui shen fen yan jiu
606 0  @a教师@9jiao shi@x社会地位@x研究
690    @aG451.4@v5
701  0 @a张伟@9zhang wei@4著
801  0 @aCN@b百万庄@c20170308
905    @b1003942-7@dG451.4@e163@f6
    
    层序社会中的师者=Teachers in the sequence society:传统教师社会身份研究:study on the social identity of traditional teachers/张伟著.-北京:社会科学文献出版社,2016
    255页;24cm.-(中国社会科学博士后文库)
    中国社会科学院创新工程学术出版资助项目 全国博士后管理委员会资助项目
    
    ISBN 978-7-5201-0067-0:CNY69.00
    本书的主体内容分为三部分:第一部分包括“绪论”“层序社会及其文化性格”与“师者刍议”三个章节,详细介绍了“层序社会”与“师者”两个中心概念;第二部分包括“庙堂与师道”“举业与教席”与“乡土和先生”,分别选取了“思想与权力”“仕途与谋生”与“生活与感情”三个维度来对传统教师群体的现实生活和精神追求进行了梳理和介绍;第三部分主要包括“社会转型与阶层失语”一章,将会从社会变迁的角度就师者群体的消亡以及现代教师的兴起等问题进行分析和考察,在厘定传统教师与现代教师的区别的基础上,为社会摆脱当下的教育困境提出一些值得参考的建议。
●
相关链接 在E读中查询图书 在五车中查询图书 在当当中查询图书 在豆瓣中查询图书


正题名:层序社会中的师者     索取号:G451.4/163         预约/预借

序号 登录号 条形码 馆藏地/架位号 状态 备注
1 1003942   210039420   第一样本阅览室/ [索取号:G451.4/163] 在馆    
2 1003943   210039439   教育系资料室/ [索取号:G451.4/163] 在馆    
3 1003944   210039448   教育系资料室/ [索取号:G451.4/163] 在馆    
4 1003945   210039457   教育系资料室/ [索取号:G451.4/163] 在馆    
5 1003946   210039466   第四借阅区/ [索取号:G451.4/163] 在馆    
6 1003947   210039475   第四借阅区/ [索取号:G451.4/163] 在馆    
唐山师范学院图书馆 欢迎您!
大连网信软件有限公司© 版权所有